000 00493nam a2200193 i 4500
001 bg
100 1 _aSZUSTER, Andrzej
245 0 _aHydraulika i podstawy hydromechaniki /
_cAndrzej Szuster, Bohdan Utrysko.
260 _aWarszawa,
_c1986.
650 9 _aHydraulika
650 9 _aHydromechanika
655 _aPodręczniki akademickie
700 1 _aUTRYSKO, Bohdan
040 _cBPK
041 _apol
080 _a532(075.8)
942 _cKS
008 s pl f |000 0 pol
999 _c3092
_d3092
856 _uhttp://koha.tu.koszalin.pl/cgi-bin/koha/opac-detail.pl?biblionumber=3092
_yKatalog online BPK